000 00278nam a2200109Ia 4500
008 220204s9999 xx 000 0 und d
082 _a32(595)
_bGHO
100 _aKalyan Kumar Ghosh
245 0 _aTwentieth century Malaysia
260 _aCalcutta
_bProgressive
_c1977
942 _cBK
999 _c25537
_d25537